The First Advance (Record no. 22945)

MARC details
000 -LEADER
fixed length control field 00294nam a22001337a 4500
020 ## - INTERNATIONAL STANDARD BOOK NUMBER
ISBN 8172143051
082 ## - DEWEY DECIMAL CLASSIFICATION NUMBER
Classification number 270
Author Cutter FOS
245 ## - TITLE STATEMENT
Title The First Advance
260 ## - PUBLICATION, DISTRIBUTION, ETC. (IMPRINT)
Place of publication Delhi
Name of publisher ISPCK
Year of publication 2018
300 ## - PHYSICAL DESCRIPTION
Number of Pages 180
650 ## - SUBJECT ADDED ENTRY--TOPICAL TERM
Topical Term Church history--Primitive and early church
942 ## - ADDED ENTRY ELEMENTS (KOHA)
Koha item type Books
Holdings
Home library Current library Shelving location Date acquired Source of acquisition Cost, normal purchase price Full call number Accession Number Koha item type
Henry Martyn Institute Library Henry Martyn Institute Library General stacks 06/09/2020 ISPCK 95.00 270 FOS 11004368 Books
Henry Martyn Institute Library Henry Martyn Institute Library General stacks 06/09/2020 ISPCK 95.00 270 FOS 11-4369 Books
                   Copyright © 2026 | Henry Martyn Institute | Hyderabad | TS-500052 | INDIA | Implemented by hmi.edu.in
Hit-Count:

Powered by Koha